Lantomon madzag a húr válogatás (cseh)szlovákiai magyar költők verseiből

Bibliographic Details
Main Author: -lacza- (Author)
Format: Article
Language:Hungarian
PhysicalDescription:Fotogr.
ISSN:1335-6631
Subjects:

MARC

LEADER 00000nab a2200000 a 4500
001 vtls000846084
003 SK-MaSNL
005 20260319075329.0
008 160318c2003 xo 0 hun
015 |a SNBRB2003/09-25732 
035 |a CLN000197739 
040 |a SNKBUCL  |b slo  |c SNKBUCL  |e AACR2 
041 0 |a hun 
044 |a xo  |c SK 
080 |a 82.09:894.511 (437)-1(082)=945.11(048)  |2 UDC-MRF-SK2 
080 |a 894.511 (437)-1(082)=945.11(048)  |2 UDC-MRF-SK2 
100 0 |a -lacza-  |4 aut  |9 868210 
245 1 0 |a Lantomon madzag a húr  |b válogatás (cseh)szlovákiai magyar költők verseiből  |c [szerző] -lacza- 
300 |b Fotogr. 
650 0 7 |a poézia maďarská  |z Česko-Slovensko  |y 1918-2003  |x antológie  |x recenzie  |2 snkbucl  |9 868211 
650 0 7 |a antológie literárne  |x poézia maďarská  |z Česko-Slovensko  |y 1918-2003  |x recenzie  |2 snkbucl  |9 868212 
773 0 |x 1335-6631  |t Szabad újság  |g Roč. 56, č. 35 (2003), s. 8 
787 0 8 |i Rec.:  |a Tóth, László, 1949-  |t Förtelmes kaszálógép, avagy, Köszöntés Hiccingából  |d Pozsony : Madách-Posonium, 2003 
850 |a Slovenská národná knižnica v Martine 
852 |a SNK  |b KIS3GCP 
958 |a HU 
958 |a SK 
958 |a CZ 
958 |a LX 
958 |a RC 
958 |a RBX 
999 |c 1387751  |d 1389681